[Event "Oberliga NRW 2223"]
[Site "Germany"]
[Date "2023.05.14"]
[Round "9.8"]
[White "Langers, Alexander"]
[Black "Junk, Phillip"]
[Result "1/2-1/2"]
[WhiteElo "2261"]
[BlackElo "2083"]
[PlyCount "105"]
[EventDate "2022.09.11"]
[EventType "team-tourn"]
[EventRounds "9"]
[EventCountry "GER"]
[SourceTitle "EXT 2025"]
[Source "ChessBase"]
[SourceDate "2024.10.14"]
[SourceVersion "1"]
[SourceVersionDate "2024.10.14"]
[SourceQuality "1"]
[WhiteTeam "Erkenschwick"]
[BlackTeam "Muenster"]
[WhiteTeamCountry "GER"]
[BlackTeamCountry "GER"]

1. e4 c6 2. d4 d5 3. exd5 cxd5 4. c4 Nf6 5. Nc3 Nc6 6. Nf3 Bg4 7. cxd5 Nxd5 8. Qb3 Bxf3 9. gxf3 e6 10. Qxb7 Nxd4 11. Bb5+ Nxb5 12. Qc6+ Ke7 13. Nxb5 a6 14. Nd4 Qc8 15. Bg5+ f6 16. Bd2 Qxc6 17. Nxc6+ Kd7 18. Na5 Rc8 19. a3 Bd6 20. b3 Rc7 21. 0-0 Rc2 22. Rfd1 Rb8 23. b4 Rbc8 24. Be1 Ke7 25. Nb7 R8c7 26. Nxd6 Kxd6 27. Bd2 Ke5 28. Rab1 Ra2 29. Rb3 Rcc2 30. Be3 Kf5 31. Ba7 Nf4 32. Rf1 Ne2+ 33. Kg2 Rc3 34. Rxc3 Nxc3 35. Bc5 e5 36. Rc1 Ne2 37. Rb1 Nc3 38. Rb3 Nb5 39. Rd3 Ke6 40. Rd8 Rxa3 41. Rg8 Kf7 42. Rd8 g5 43. Rf8+ Ke6 44. Rh8 Ra1 45. Rxh7 Nc3 46. Re7+ Kf5 47. Rd7 Ne2 48. h3 Nf4+ 49. Kh2 Ra3 50. Be3 Rb3 51. Rd6 Rxb4 52. Rxa6 Nd5 53. Ra3 1/2-1/2

[Event "Oberliga NRW 2122"]
[Site "Germany"]
[Date "2022.04.03"]
[Round "5.4"]
[White "Pfleger, Sascha"]
[Black "Langers, Alexander"]
[Result "0-1"]
[WhiteElo "2017"]
[BlackElo "2257"]
[PlyCount "92"]
[EventDate "2021.10.31"]
[EventType "team-tourn"]
[EventRounds "9"]
[EventCountry "GER"]
[SourceTitle "EXT 2023"]
[Source "ChessBase"]
[SourceDate "2022.10.05"]
[SourceVersion "1"]
[SourceVersionDate "2022.10.05"]
[SourceQuality "1"]
[WhiteTeam "Letmathe"]
[BlackTeam "Erkenschwick"]
[WhiteTeamCountry "GER"]
[BlackTeamCountry "GER"]

1. d4 Nf6 2. c4 g6 3. Nc3 Bg7 4. e4 0-0 5. Be2 d6 6. Bg5 c5 7. d5 e6 8. Nf3 exd5 9. exd5 Bg4 10. 0-0 Re8 11. Qd2 Nbd7 12. Rfe1 a6 13. h3 Bxf3 14. Bxf3 Qb6 15. Rab1 Qb4 16. Be2 Ne4 17. Nxe4 Rxe4 18. Qxb4 cxb4 19. Be3 Rae8 20. Bd3 R4e7 21. Kf1 a5 22. Bd2 Rxe1+ 23. Bxe1 Nc5 24. Be2 b6 25. Bd2 Bd4 26. Bf4 Rd8 27. Bg5 f6 28. Bd2 Re8 29. Bf4 Rd8 30. Bd2 Kf7 31. b3 Ne4 32. Be1 Bxf2 33. Bxf2 Nd2+ 34. Ke1 Nxb1 35. Bxb6 Ra8 36. Bc7 Ke7 37. c5 Nc3 38. Bxd6+ Kd7 39. Bc4 Ne4 40. Bb5+ Kd8 41. Bf8 Ra7 42. Bd3 Nc3 43. Bc4 Rf7 44. Bh6 Re7+ 45. Kf1 Re5 46. Bg7 Nxd5 0-1

[Event "NRW Class2 1617"]
[Site "Germany"]
[Date "2017.01.22"]
[Round "5.5"]
[White "Gruermann, Martin"]
[Black "Langers, Alexander"]
[Result "1/2-1/2"]
[WhiteElo "2191"]
[BlackElo "2221"]
[PlyCount "112"]
[EventDate "2016.09.25"]
[EventType "team-tourn"]
[EventRounds "9"]
[EventCountry "GER"]
[SourceTitle "EXT 2023"]
[Source "ChessBase"]
[SourceDate "2022.10.05"]
[SourceVersion "1"]
[SourceVersionDate "2022.10.05"]
[SourceQuality "1"]
[WhiteTeam "Letmathe"]
[BlackTeam "Erkenschwick"]
[WhiteTeamCountry "GER"]
[BlackTeamCountry "GER"]

1. e4 c5 2. Nf3 d6 3. d4 cxd4 4. Qxd4 Bd7 5. Be2 Nc6 6. Qe3 g6 7. 0-0 Bg7 8. c4 Nf6 9. h3 Nb4 10. Na3 0-0 11. Bd2 a5 12. e5 Ne8 13. Bc3 Bc6 14. Rfd1 Qc7 15. exd6 Nxd6 16. Bxg7 Kxg7 17. Nd4 Kg8 18. Qb3 Ne4 19. Nab5 Qb6 20. a3 Na6 21. Qe3 f5 22. Nxc6 Qxc6 23. Nc3 Nxc3 24. Qxc3 Nc5 25. Bf3 Qf6 26. Qxf6 Rxf6 27. b4 axb4 28. axb4 Rxa1 29. Rxa1 Ne4 30. Bxe4 fxe4 31. Ra7 Rb6 32. b5 Kf7 33. Ra5 Rd6 34. Ra1 Ke6 35. Rc1 b6 36. Kf1 Rd2 37. c5 bxc5 38. Rxc5 Rb2 39. h4 Kd6 40. Rg5 e5 41. h5 Rxb5 42. hxg6 hxg6 43. Rxg6+ Kd5 44. g4 Rb2 45. Rf6 e3 46. fxe3 Rb4 47. g5 Rg4 48. g6 Ke4 49. Kf2 Rg5 50. Ra6 Kf5 51. Kf3 e4+ 52. Kf2 Rxg6 53. Ra5+ Ke6 54. Ra6+ Kf5 55. Rxg6 Kxg6 56. Kg2 Kh6 1/2-1/2

[Event "NRW Class2 1314"]
[Site "Germany"]
[Date "2014.04.27"]
[Round "9.1"]
[White "Langers, Alexander"]
[Black "Kniest, Oliver"]
[Result "0-1"]
[WhiteElo "2168"]
[BlackElo "2257"]
[PlyCount "132"]
[EventDate "2013.09.15"]
[EventType "team-tourn"]
[EventRounds "9"]
[EventCountry "GER"]
[SourceTitle "EXT 2015"]
[Source "ChessBase"]
[SourceDate "2014.11.20"]
[SourceVersion "1"]
[SourceVersionDate "2014.11.20"]
[SourceQuality "1"]
[WhiteTeam "Herne Sodingen"]
[BlackTeam "Solingen III"]
[WhiteTeamCountry "GER"]
[BlackTeamCountry "GER"]

1. c4 Nf6 2. Nf3 b6 3. d4 e6 4. Nc3 Bb4 5. Qb3 c5 6. Bg5 h6 7. Bh4 Bb7 8. e3 Nc6 9. Be2 cxd4 10. exd4 Be7 11. 0-0 0-0 12. d5 Na5 13. Qd1 Nxd5 14. cxd5 Bxh4 15. b4 Rc8 16. Nb5 Nc4 17. Nxa7 Ra8 18. Bxc4 Rxa7 19. Qd3 Bf6 20. Rab1 Qa8 21. Rfd1 Rc8 22. Qe4 exd5 23. Bxd5 Bxd5 24. Rxd5 Rxa2 25. g3 Rcc2 26. Rf1 Re2 27. Qf5 Qc6 28. Rxd7 Qe4 29. Qd5 Qxd5 30. Rxd5 Rab2 31. Rb5 Re6 32. Ne1 Rd6 33. Ng2 Bc3 34. Ne3 Rxb4 35. Rf5 Bd4 36. Rd1 Bc5 37. Nd5 Rd4 38. Ne7+ Kf8 39. Re1 Rd1 40. Ng6+ Kg8 41. Ne7+ Kh7 42. Rf1 R6d2 43. Nc6 Kg6 44. g4 f6 45. Rxd1 Rxd1+ 46. Kg2 Rd2 47. h3 Kf7 48. Ne5+ Ke6 49. Ng6 Kd6 50. Rf3 Kd5 51. Nf4+ Kc4 52. Nh5 b5 53. Nxg7 b4 54. Rf4+ Bd4 55. Nf5 b3 56. Nxd4 Rxd4 57. Rxf6 b2 58. Rb6 Kc3 59. Rxb2 Kxb2 60. Kg3 Kc3 61. f4 Rd3+ 62. Kh4 Kd4 63. Kh5 Rxh3+ 64. Kg6 Ke4 65. g5 hxg5 66. fxg5 Ke5 0-1

[Event "NRW Class2 1314"]
[Site "Germany"]
[Date "2014.02.02"]
[Round "6.1"]
[White "Haub, Thorsten Michael"]
[Black "Langers, Alexander"]
[Result "1-0"]
[WhiteElo "2455"]
[BlackElo "2168"]
[PlyCount "149"]
[EventDate "2013.09.15"]
[EventType "team-tourn"]
[EventRounds "9"]
[EventCountry "GER"]
[SourceTitle "EXT 2015"]
[Source "ChessBase"]
[SourceDate "2014.11.20"]
[SourceVersion "1"]
[SourceVersionDate "2014.11.20"]
[SourceQuality "1"]
[WhiteTeam "Plettenberg"]
[BlackTeam "Herne Sodingen"]
[WhiteTeamCountry "GER"]
[BlackTeamCountry "GER"]

1. g3 d5 2. Bg2 Nf6 3. d3 e5 4. a3 c5 5. Nd2 Nc6 6. e3 Be6 7. Ne2 Be7 8. h3 Qd7 9. d4 cxd4 10. exd4 e4 11. Nf1 0-0 12. Nf4 Bd6 13. Nxe6 fxe6 14. Ne3 Ne7 15. 0-0 Nf5 16. c4 Kh8 17. Ng4 Bc7 18. Ne5 Qe8 19. cxd5 exd5 20. Ng4 Bb6 21. Be3 Rc8 22. a4 Qe6 23. a5 Bc7 24. Bd2 Nxg4 25. Qxg4 Nxd4 26. Qxe6 Nxe6 27. h4 Rcd8 28. Rfd1 Bd6 29. b4 Rc8 30. Bh3 Rce8 31. Bxe6 Rxe6 32. Be3 Be5 33. Rac1 d4 34. Bxd4 Bxd4 35. Rxd4 e3 36. f4 Re7 37. Kg2 h6 38. Kf3 g5 39. hxg5 hxg5 40. Rd5 gxf4 41. gxf4 e2 42. Re1 Kg7 43. Rg5+ Kf6 44. Rxe2 Rxe2 45. Kxe2 Rd8 46. Ke3 Rd1 47. Rb5 Rd7 48. Ke4 Rc7 49. Rf5+ Ke6 50. Rc5 Rd7 51. Rh5 Kf6 52. Rh6+ Kg7 53. Re6 Kf7 54. Ke5 Rd1 55. Rh6 Kg7 56. Rd6 Re1+ 57. Kd5 Re7 58. f5 Kf7 59. Rh6 Rd7+ 60. Ke5 Kg7 61. Rh4 Re7+ 62. Kd6 Re8 63. Rd4 Rd8+ 64. Ke5 Re8+ 65. Kf4 Rc8 66. Kg5 Rc7 67. f6+ Kf7 68. Kf5 b6 69. a6 b5 70. Rd5 Rc6 71. Rd7+ Ke8 72. Rxa7 Rc4 73. Rb7 Rxb4 74. a7 Ra4 75. Rb8+ 1-0

[Event "NRW Class2 1213"]
[Site "Germany"]
[Date "2013.01.20"]
[Round "5.2"]
[White "Gupta, Milon"]
[Black "Langers, Alexander"]
[Result "1/2-1/2"]
[WhiteElo "2226"]
[BlackElo "2156"]
[PlyCount "151"]
[EventDate "2012.09.16"]
[EventType "team-tourn"]
[EventRounds "9"]
[EventCountry "GER"]
[SourceTitle "EXT 2017"]
[Source "ChessBase"]
[SourceDate "2016.10.25"]
[SourceVersion "1"]
[SourceVersionDate "2016.10.25"]
[SourceQuality "1"]
[WhiteTeam "Solingen III"]
[BlackTeam "Herne Sodingen"]
[WhiteTeamCountry "GER"]
[BlackTeamCountry "GER"]

1. d4 d5 2. c4 e6 3. Nc3 Nf6 4. cxd5 exd5 5. Bg5 Be7 6. e3 0-0 7. Bd3 Nbd7 8. Qc2 Re8 9. Nf3 c6 10. 0-0 Nf8 11. h3 Ne4 12. Bf4 Nxc3 13. Qxc3 Bd6 14. Bxd6 Qxd6 15. b4 a6 16. a4 Qf6 17. Ne5 Qg5 18. f4 Qg3 19. Qe1 Qxe1 20. Rfxe1 f6 21. Nf3 Kf7 22. Kf2 Bd7 23. Rab1 Ke7 24. g4 Kd6 25. Rec1 Ne6 26. h4 h6 27. Nd2 Nc7 28. f5 Rh8 29. Rg1 b6 30. Nb3 Rab8 31. Ke2 Ra8 32. Kd2 Rab8 33. Kc3 Rbe8 34. Rbe1 Re7 35. a5 bxa5 36. bxa5 Bc8 37. Nc5 Rhe8 38. Kd2 Nb5 39. Rgf1 Rh8 40. Rf3 Rhe8 41. Rg1 Rf8 42. g5 hxg5 43. hxg5 Rh8 44. Rfg3 Rh2+ 45. R1g2 Rxg2+ 46. Rxg2 fxg5 47. Rxg5 Rf7 48. Rg6+ Kc7 49. Bxb5 cxb5 50. Nxa6+ Bxa6 51. Rxa6 Rxf5 52. Ra7+ Kc6 53. Rxg7 b4 54. a6 Rf2+ 55. Kc1 Ra2 56. a7 Kb6 57. Rd7 Kc6 58. Kb1 b3 59. Re7 Kb5 60. Rc7 Kb4 61. Rd7 Kc4 62. Rb7 Kc3 63. Rc7+ Kd3 64. Re7 Kc4 65. Rd7 Kd3 66. Rxd5 Rxa7 67. Re5 Kc3 68. Re8 Rh7 69. Rc8+ Kd3 70. d5 Kxe3 71. d6 Rd7 72. Rc6 Kd4 73. Kb2 Kd5 74. Ra6 Rxd6 75. Rxd6+ Kxd6 76. Kxb3 1/2-1/2

[Event "NRW Class2 1213"]
[Site "Germany"]
[Date "2012.09.16"]
[Round "1.3"]
[White "Langers, Alexander"]
[Black "Kaufeld, Juergen"]
[Result "1-0"]
[WhiteElo "2156"]
[BlackElo "2258"]
[PlyCount "55"]
[EventDate "2012.09.16"]
[EventType "team-tourn"]
[EventRounds "9"]
[EventCountry "GER"]
[SourceTitle "EXT 2017"]
[Source "ChessBase"]
[SourceDate "2016.10.25"]
[SourceVersion "1"]
[SourceVersionDate "2016.10.25"]
[SourceQuality "1"]
[WhiteTeam "Herne Sodingen"]
[BlackTeam "Oberhausen"]
[WhiteTeamCountry "GER"]
[BlackTeamCountry "GER"]

1. e4 c5 2. Nf3 d6 3. d4 cxd4 4. Nxd4 Nf6 5. Nc3 a6 6. Bg5 e6 7. f4 Nc6 8. Qd2 h6 9. Bxf6 Qxf6 10. Nf3 Qd8 11. 0-0-0 Be7 12. Kb1 Qc7 13. Bd3 Bd7 14. Rhe1 Qa5 15. Qe3 g5 16. Nd5 gxf4 17. Qxf4 exd5 18. exd5 Qxd5 19. Be4 Qc4 20. b3 Qb4 21. a3 Qxa3 22. Bxc6 Bxc6 23. Rxd6 Bxf3 24. Rxe7+ Kxe7 25. Qf6+ Kf8 26. Qxh8+ Ke7 27. Qe5+ Kf8 28. Rxh6 1-0

[Event "NRW Class2 1112"]
[Site "Germany"]
[Date "2012.03.25"]
[Round "8.3"]
[White "Langers, Alexander"]
[Black "Chilla, Jan Eric"]
[Result "1-0"]
[WhiteElo "2156"]
[BlackElo "2136"]
[PlyCount "45"]
[EventDate "2011.09.18"]
[EventType "team-tourn"]
[EventRounds "9"]
[EventCountry "GER"]
[SourceTitle "EXT 2015"]
[Source "ChessBase"]
[SourceDate "2014.11.20"]
[SourceVersion "1"]
[SourceVersionDate "2014.11.20"]
[SourceQuality "1"]
[WhiteTeam "Herne Sodingen"]
[BlackTeam "Muenster SK II"]
[WhiteTeamCountry "GER"]
[BlackTeamCountry "GER"]

1. e4 c5 2. Nf3 Nc6 3. Bb5 g6 4. 0-0 Bg7 5. Nc3 Nf6 6. Bxc6 dxc6 7. d3 Bg4 8. Be3 Nd7 9. h3 Bxf3 10. Qxf3 0-0 11. Qe2 e5 12. a4 Qe7 13. f4 exf4 14. Rxf4 Rae8 15. Re1 Qd6 16. Qd2 f5 17. exf5 Rxe3 18. Qxe3 Bd4 19. Rxd4 cxd4 20. Qe7 Qxe7 21. Rxe7 Nc5 22. Ne4 Rxf5 23. g4 1-0

[Event "GER-ch Net qual3 U25"]
[Site "Playchess.com INT"]
[Date "2011.05.08"]
[Round "3"]
[White "Tiemann, Christoph"]
[Black "Langers, Alexander"]
[Result "1-0"]
[WhiteElo "2628"]
[BlackElo "2300"]
[PlyCount "93"]
[EventDate "2011.05.08"]
[EventType "swiss (blitz)"]
[EventRounds "7"]
[EventCountry "GER"]
[SourceTitle "CBM 142 Extra"]
[Source "ChessBase"]
[SourceDate "2011.06.27"]
[SourceVersion "1"]
[SourceVersionDate "2011.06.27"]
[SourceQuality "1"]

1. e4 c5 2. Nf3 e6 3. d4 cxd4 4. Nxd4 Nc6 5. Nc3 a6 6. Be3 Qc7 7. Qd2 Nf6 8. f3 Bb4 9. 0-0-0 b5 10. Bf4 Ne5 11. Kb1 Be7 12. h4 h5 13. Rh3 Bb7 14. Rg3 g6 15. Rg5 d6 16. Ndxb5 axb5 17. Nxb5 Qb8 18. Nxd6+ Bxd6 19. Qxd6 Qxd6 20. Rxd6 Ned7 21. Bb5 Bc8 22. c4 Ke7 23. c5 Ne8 24. Rd2 Nb8 25. a4 Na6 26. b3 Nac7 27. Bd6+ Nxd6 28. cxd6+ Kd8 29. dxc7+ Kxc7 30. b4 Rb8 31. Kb2 Kb6 32. Kb3 Rb7 33. Rd6+ Ka7 34. a5 Rc7 35. Rc6 Rxc6 36. Bxc6 Bb7 37. Bxb7 Kxb7 38. Kc4 Rc8+ 39. Rc5 Rd8 40. b5 Rd1 41. a6+ Kb8 42. b6 Rc1+ 43. Kb5 Rb1+ 44. Kc6 Ra1 45. a7+ Ka8 46. b7+ Kxa7 47. Kc7 1-0

[Event "NRW Class2 1011"]
[Site "Germany"]
[Date "2010.12.19"]
[Round "4.1"]
[White "Weber, Peter"]
[Black "Langers, Alexander"]
[Result "1/2-1/2"]
[WhiteElo "2239"]
[BlackElo "2214"]
[PlyCount "103"]
[EventDate "2010.09.26"]
[EventType "team-tourn"]
[EventRounds "9"]
[EventCountry "GER"]
[SourceTitle "EXT 2012"]
[Source "ChessBase"]
[SourceDate "2011.11.24"]
[SourceVersion "1"]
[SourceVersionDate "2011.11.24"]
[SourceQuality "1"]
[WhiteTeam "Monheim"]
[BlackTeam "Herne Sodingen"]
[WhiteTeamCountry "GER"]
[BlackTeamCountry "GER"]

1. e4 c5 2. Nf3 e6 3. d4 cxd4 4. Nxd4 Nc6 5. Nb5 d6 6. c4 a6 7. N5c3 Nf6 8. Be2 Be7 9. Be3 b6 10. 0-0 0-0 11. Nd2 Nd7 12. Nf3 Bb7 13. Qd2 Rc8 14. Rfd1 Qc7 15. Rac1 Qb8 16. Bg5 Nf6 17. Qe3 Ba8 18. Na4 b5 19. cxb5 axb5 20. Nb6 Ng4 21. Qf4 Qxb6 22. Qxg4 Bxg5 23. Qxg5 b4 24. Rxd6 Qa7 25. Bb5 Ne7 26. Rd7 Rxc1+ 27. Qxc1 Qb8 28. Bd3 Rc8 29. Qg5 Ng6 30. h4 h6 31. Qe3 Ne5 32. Nxe5 Qxe5 33. b3 Qa1+ 34. Kh2 Qxa2 35. Bc4 Qc2 36. f3 Qb2 37. Qf4 Qf6 38. Qxf6 gxf6 39. Kg3 Kf8 40. Kg4 Bc6 41. Ra7 Ra8 42. Rc7 Be8 43. Kf4 Ra2 44. g3 Rg2 45. g4 Rh2 46. Kg3 Rc2 47. Rb7 Rc3 48. Rxb4 Ke7 49. Rb7+ Kd6 50. Kf2 Ke5 51. Kg3 Bc6 52. Rxf7 1/2-1/2

[Event "NRW Class1 0910"]
[Site "Germany"]
[Date "2009.10.25"]
[Round "2.1"]
[White "Wolkowski, Boris"]
[Black "Langers, Alexander"]
[Result "0-1"]
[WhiteElo "2205"]
[BlackElo "2224"]
[PlyCount "76"]
[EventDate "2009.09.20"]
[EventType "team-tourn"]
[EventRounds "9"]
[EventCountry "GER"]
[SourceTitle "EXT 2011"]
[Source "ChessBase"]
[SourceDate "2010.11.26"]
[SourceVersion "1"]
[SourceVersionDate "2010.11.26"]
[SourceQuality "1"]
[WhiteTeam "Rheydt"]
[BlackTeam "Herne Sodingen"]
[WhiteTeamCountry "GER"]
[BlackTeamCountry "GER"]

1. d4 d5 2. c4 e6 3. Nc3 Nf6 4. cxd5 exd5 5. Bg5 Be7 6. e3 c6 7. Qc2 Bg4 8. Bd3 Nbd7 9. h3 Be6 10. f4 h6 11. Bh4 Nb6 12. Nf3 Nc4 13. Bf2 Nd6 14. Ne5 h5 15. 0-0 Qc8 16. b4 0-0 17. Rfc1 Bf5 18. b5 cxb5 19. Bxf5 Nxf5 20. Qb3 Qe6 21. g4 Nd6 22. f5 Qc8 23. Nxb5 Qd8 24. Nc7 Rc8 25. Nxd5 Rxc1+ 26. Rxc1 Nfe4 27. Nxe7+ Qxe7 28. Ng6 Qg5 29. Bh4 Qh6 30. g5 Nxg5 31. Nxf8 Nf3+ 32. Kf2 Nxh4 33. Qd5 Nhxf5 34. Rc3 Kxf8 35. Rc8+ Ke7 36. Qe5+ Qe6 37. Rc7+ Kd8 38. Qxe6 fxe6 0-1

[Event "GER-ch Net qual1 U25"]
[Site "Playchess.com INT"]
[Date "2009.05.10"]
[Round "6"]
[White "Heinz, Axel"]
[Black "Langers, Alexander"]
[Result "1-0"]
[WhiteElo "2398"]
[BlackElo "2233"]
[PlyCount "59"]
[EventDate "2009.05.10"]
[EventType "swiss (blitz)"]
[EventRounds "7"]
[EventCountry "GER"]
[SourceTitle "CBM 130 Extra"]
[Source "ChessBase"]
[SourceDate "2009.07.02"]
[SourceVersion "2"]
[SourceVersionDate "2009.07.15"]
[SourceQuality "1"]

1. e4 c5 2. Nf3 e6 3. d4 cxd4 4. Nxd4 Nc6 5. Nc3 Qc7 6. g3 a6 7. Bg2 Nf6 8. 0-0 Nxd4 9. Qxd4 Bc5 10. Bf4 d6 11. Qd3 e5 12. Bg5 Ng4 13. Nd5 Qa5 14. h3 Nxf2 15. Rxf2 Bxf2+ 16. Kxf2 f6 17. Be3 0-0 18. Bb6 Qa4 19. Nc7 Rb8 20. Ba7 Bd7 21. Bxb8 Rxb8 22. Qb3+ Qxb3 23. cxb3 Rc8 24. Rc1 Kf7 25. Rc3 g6 26. Nd5 Bc6 27. Nb4 Bd7 28. Ke3 f5 29. exf5 gxf5 30. Bxb7 1-0